| 000 -LEADER |
| fixed length control field |
00921cam a22002897a 4500 |
| 001 - CONTROL NUMBER |
| control field |
16257431 |
| 005 - DATE AND TIME OF LATEST TRANSACTION |
| control field |
20180313053915.0 |
| 008 - FIXED-LENGTH DATA ELEMENTS--GENERAL INFORMATION |
| fixed length control field |
100528s2010 inua 001 0 eng |
| 010 ## - LIBRARY OF CONGRESS CONTROL NUMBER |
| LC control number |
2010929738 |
| 015 ## - NATIONAL BIBLIOGRAPHY NUMBER |
| National bibliography number |
GBB055546 |
| Source |
bnb |
| 016 7# - NATIONAL BIBLIOGRAPHIC AGENCY CONTROL NUMBER |
| Record control number |
015540953 |
| Source |
Uk |
| 020 ## - INTERNATIONAL STANDARD BOOK NUMBER |
| International Standard Book Number |
9780470591666 (pbk.) |
| 020 ## - INTERNATIONAL STANDARD BOOK NUMBER |
| International Standard Book Number |
0470591668 (pbk.) |
| 035 ## - SYSTEM CONTROL NUMBER |
| System control number |
(OCoLC)ocn654884252 |
| 040 ## - CATALOGING SOURCE |
| Original cataloging agency |
CGB |
| Transcribing agency |
CGB |
| Modifying agency |
UKM |
| -- |
BTCTA |
| -- |
YDXCP |
| -- |
NUI |
| -- |
CDX |
| -- |
FDA |
| -- |
UKMGB |
| -- |
BDX |
| -- |
DLC |
| 041 ## - LANGUAGE CODE |
| Language code of text/sound track or separate title |
eng |
| 042 ## - AUTHENTICATION CODE |
| Authentication code |
lccopycat |
| 080 ## - UNIVERSAL DECIMAL CLASSIFICATION NUMBER |
| Universal Decimal Classification number |
005.7565 |
| 082 04 - DEWEY DECIMAL CLASSIFICATION NUMBER |
| Classification number |
005.7565 HEN |
| Edition number |
22 |
| 100 ## - Rafti |
| Rafti |
30 |
| 101 ## - Shkurtesa |
| Shkurtesa |
SHKI |
| 245 00 - TITLE STATEMENT |
| Title |
Microsoft Access 2010 programmer's reference / |
| Statement of responsibility, etc |
Teresa Hennig ... [et al.]. |
| 246 3# - VARYING FORM OF TITLE |
| Title proper/short title |
Access 2010 programmer's reference |
| 906 ## - LOCAL DATA ELEMENT F, LDF (RLIN) |
| a |
7 |
| b |
cbc |
| c |
copycat |
| d |
2 |
| e |
ncip |
| f |
20 |
| g |
y-gencatlg |
| 942 ## - ADDED ENTRY ELEMENTS (KOHA) |
| Source of classification or shelving scheme |
|
| Item type |
Books |